[Event "Misiones op"]
[Site "Misiones"]
[Date "2023.07.08"]
[Round "2"]
[White "Esterio, Carlos"]
[Black "Rios Sawczuk, Kevin"]
[Result "1-0"]
[WhiteElo "1702"]
[BlackElo "1457"]
[PlyCount "39"]
[EventDate "2023.07.08"]
[EventType "swiss"]
[EventRounds "6"]
[EventCountry "ARG"]
[SourceTitle "EXT 2024"]
[Source "ChessBase"]
[SourceDate "2023.10.10"]
[SourceVersion "1"]
[SourceVersionDate "2023.10.10"]
[SourceQuality "1"]

1. d4 g6 2. Nf3 Bg7 3. e3 d6 4. Be2 Nd7 5. c4 e5 6. Nc3 Ne7 7. 0-0 0-0 8. Qc2 Re8 9. Rd1 exd4 10. Nxd4 Nf6 11. e4 c6 12. Bf4 d5 13. cxd5 cxd5 14. Ncb5 Be6 15. Qa4 Rf8 16. Nc7 Bd7 17. Bb5 Rc8 18. Bxd7 Qxd7 19. Qxd7 Nxd7 20. Bd6 1-0

[Event "Corrientes op 2nd"]
[Site "Corrientes"]
[Date "2023.03.25"]
[Round "4"]
[White "Rios Sawczuk, Kevin"]
[Black "Aznar, Dario"]
[Result "0-1"]
[WhiteElo "1469"]
[BlackElo "1669"]
[PlyCount "80"]
[EventDate "2023.03.24"]
[EventType "swiss"]
[EventRounds "6"]
[EventCountry "ARG"]
[SourceTitle "CBM 213 Extra"]
[Source "ChessBase"]
[SourceDate "2023.05.31"]
[SourceVersion "1"]
[SourceVersionDate "2023.05.31"]
[SourceQuality "1"]

1. e4 c5 2. Nf3 d6 3. Nc3 Nc6 4. d4 cxd4 5. Nxd4 g6 6. Bc4 Bg7 7. Be3 Nf6 8. f3 0-0 9. Qd2 Ne5 10. Bb3 Bd7 11. 0-0-0 Qa5 12. h4 Rfc8 13. Nd5 Qxd2+ 14. Bxd2 Nxd5 15. Bxd5 Nd3+ 16. Kb1 Nf2 17. c3 Rab8 18. Be3 Nxh1 19. Rxh1 b5 20. Nc2 e6 21. Bb3 a5 22. a3 Bc6 23. Bd2 Rd8 24. Ne3 d5 25. exd5 exd5 26. Bd1 d4 27. cxd4 Bxd4 28. Nc2 Ra8 29. Nxd4 Rxd4 30. Bc3 Rd7 31. Re1 Bd5 32. Be2 Rb7 33. g4 b4 34. axb4 axb4 35. Bf6 Re8 36. Kc2 Bxf3 37. Bxf3 Rc7+ 38. Kb3 Rxe1 39. Kxb4 Rf1 40. Be5 Re7 0-1

[Event "Misiones op"]
[Site "Misiones"]
[Date "2022.07.09"]
[Round "2"]
[White "Rios Sawczuk, Kevin"]
[Black "Unternahrer, Diego"]
[Result "1/2-1/2"]
[WhiteElo "1463"]
[BlackElo "1691"]
[PlyCount "40"]
[EventDate "2022.07.09"]
[EventType "swiss"]
[EventRounds "6"]
[EventCountry "ARG"]
[SourceTitle "CBM 209 Extra"]
[Source "ChessBase"]
[SourceDate "2022.09.30"]
[SourceVersion "1"]
[SourceVersionDate "2022.09.30"]
[SourceQuality "1"]

1. e4 d5 2. exd5 Nf6 3. Nf3 Bg4 4. Be2 Qxd5 5. Nc3 Qd7 6. d4 Nc6 7. Be3 0-0-0 8. Ne5 Nxe5 9. dxe5 Qxd1+ 10. Rxd1 Rxd1+ 11. Kxd1 Bxe2+ 12. Kxe2 Nd7 13. f4 e6 14. Ne4 Be7 15. g3 h5 16. h4 b6 17. c3 g6 18. Rd1 Rd8 19. Rd2 Nb8 20. Rxd8+ Kxd8 1/2-1/2